The American South : (Record no. 351646)

000 -LEADER
fixed length control field 00817cam a2200277 i 4500
001 - CONTROL NUMBER
control field 4666120
003 - CONTROL NUMBER IDENTIFIER
control field OSt
005 - DATE AND TIME OF LATEST TRANSACTION
control field 20180116183051.0
008 - FIXED-LENGTH DATA ELEMENTS--GENERAL INFORMATION
fixed length control field 800604s1979 gauc b 100 0 eng
010 ## - LIBRARY OF CONGRESS CONTROL NUMBER
LC control number 80113332
020 ## - INTERNATIONAL STANDARD BOOK NUMBER
International Standard Book Number 0
040 ## - CATALOGING SOURCE
Original cataloging agency DLC
Transcribing agency DLC
Modifying agency DLC
043 ## - GEOGRAPHIC AREA CODE
Geographic area code n-usu--
050 00 - LIBRARY OF CONGRESS CALL NUMBER
Classification number F216.2
Item number .A46
082 00 - DEWEY DECIMAL CLASSIFICATION NUMBER
Classification number 975 THE 1979
100 ## - MAIN ENTRY--PERSONAL NAME
Personal name The American
245 04 - TITLE STATEMENT
Title The American South :
Remainder of title Portrait Of a Culture /
Statement of responsibility, etc. The American
260 ## - PUBLICATION, DISTRIBUTION, ETC.
Place of publication, distribution, etc. washington DC. :
Name of publisher, distributor, etc. Voice of America Forum Series,
Date of publication, distribution, etc. c1979.
300 ## - PHYSICAL DESCRIPTION
Extent 398 p. :
Other physical details PB . ;
Dimensions 28 cm.
440 ## - SERIES STATEMENT/ADDED ENTRY--TITLE
Title The American
504 ## - BIBLIOGRAPHY, ETC. NOTE
Bibliography, etc. note Includes bibliographical references.
651 #0 - SUBJECT ADDED ENTRY--GEOGRAPHIC NAME
Geographic name Southern States
General subdivision Congresses.
710 2# - ADDED ENTRY--CORPORATE NAME
Corporate name or jurisdiction name as entry element University of Georgia.
Subordinate unit Alumni Society.
906 ## - LOCAL DATA ELEMENT F, LDF (RLIN)
a 7
b cbc
c orignew
d 2
e ncip
f 19
g y-gencatlg
942 ## - ADDED ENTRY ELEMENTS (KOHA)
Source of classification or shelving scheme
Koha item type Book
Holdings
Withdrawn status Lost status Source of classification or shelving scheme Damaged status Not for loan Collection code Permanent Location Current Location Shelving location Date acquired Total Checkouts Full call number Barcode Date last seen Date last checked out Price effective from Koha item type
            Central Library (CL) Central Library (CL) General Stacks 08/15/2016 1 975 THE 1979 NBSD-2699 05/22/2024 08/28/2017 08/15/2016 Book
© 2023 Central Library, National University of Sciences and Technology. All Rights Reserved.